| Record ID | ia:spreadingpoisonb0000lang |
| Source | Internet Archive |
| Download MARC XML | https://archive.org/download/spreadingpoisonb0000lang/spreadingpoisonb0000lang_marc.xml |
| Download MARC binary | https://www.archive.org/download/spreadingpoisonb0000lang/spreadingpoisonb0000lang_meta.mrc |
LEADER: 01234cam a2200325 a 4500
001 92017847
003 DLC
005 20151120074550.0
008 920514s1993 mau j b 001 0 eng
010 $a 92017847
020 $a0316514101 :$c$15.95 ($19.95 Can.)
040 $aDLC$cDLC$dDLC
042 $alcac
043 $an-us---
050 00 $aE184.A1$bL258 1993
082 00 $a305.8/00973$220
100 1 $aLangone, John,$d1929-2006.
245 10 $aSpreading poison :$ba book about racism and prejudice /$cby John Langone.
250 $a1st ed.
260 $aBoston :$bLittle, Brown,$cc1993.
300 $a178 p. ;$c25 cm.
504 $aIncludes bibliographical references (p. 166-171) and index.
520 $aDiscusses the history of various racial and ethnic groups in the United States, including contributions made despite biases, and examines the problem of religious and sexual discrimination.
650 0 $aRacism$zUnited States$xJuvenile literature.
650 0 $aPrejudices$zUnited States$xJuvenile literature.
651 0 $aUnited States$xRace relations$xJuvenile literature.
651 0 $aUnited States$xEthnic relations$xJuvenile literature.
650 1 $aRacism.
650 1 $aPrejudices.
650 1 $aMinorities.